| 000 | 00811nam a22002657a 4500 | ||
|---|---|---|---|
| 003 | CHAP | ||
| 005 | 20220329134356.0 | ||
| 008 | 971013s1966 r 00010 d | ||
| 010 | _a19600 | ||
| 011 | _a20572 | ||
| 035 | _a24660 | ||
| 040 | _cCHAP | ||
| 082 |
_a628.14 _bA5 |
||
| 110 |
_aAmerican Water Works Association _95313 |
||
| 245 | _aCurso de adiestramiento en la distribución de agua | ||
| 260 |
_aMéxico, D.F., : _bCentro Regional de Ayuda Técnica, _c1966 |
||
| 300 | _a167 p | ||
| 590 |
_aBATCH-UPD _b10 _c20130110 _lUCH01 _h2053 |
||
| 590 |
_aBATCH-UPD _b10 _c20130410 _lUCH01 _h1406 |
||
| 590 |
_aCONVERSION _b10 _c20130109 _lUCH01 _h1312 |
||
| 650 | 1 | 4 |
_aAgua _xDistribucion. _92366 |
| 901 | _aBK | ||
| 942 | _cLIBRO | ||
| 949 |
_a628.14 A5 _bBC _cLIBRO _d33724000024949 _eLIBRO _h19226 _i24660 _mD _si |
||
| 999 |
_c19600 _d19600 |
||